000 00214nam a22000857a 4500
001 1301113
005 20260429100151.0
245 _aALİ ULVİ KURUCU'NUN HATIRALARI 2
_cM.ERTUĞRUL DÜZDAĞ
260 _bKETEBE YAYINLARI
999 _c1301113
_d1301113